000 00721nam a22002657a 4500
001 BR9510036
003 BR-BrBNA
005 20230928094811.0
007 ta
008 230509b bl.||||| |||| 00| 0 por d
040 _aBR-BrBNA
_bpor
_cBiblioteca Nacional de Agricultura
041 _a(Por)
072 _aE14
090 _ E14 BR9510036
100 1 _aAnon.
245 1 _aAnalise do atual sistema de planejamento das associadas das Regioes Sul/Sudeste do SIBRATER
260 3 _aCuritiba, PR (Brasil):
_c1986.
300 _a[vp]
650 _aPlanejamento Regional
650 _aProjeto Agricola
650 _aRegiao Sul
650 _aRegiao Sudeste
909 _a202309
_bLucia
_c55
_dLucia Elande
942 _cBK
999 _c52712
_d52712